Normal view MARC view

Entry Corporate Name

Number of records used in: 2

001 - CONTROL NUMBER

  • control field: 1235046

003 - CONTROL NUMBER IDENTIFIER

  • control field: OSt

005 - DATE AND TIME OF LATEST TRANSACTION

  • control field: 20260417144518.0

008 - FIXED-LENGTH DATA ELEMENTS

  • fixed length control field: 260417|| aca||aabn | a|a d

040 ## - CATALOGING SOURCE

  • Original cataloging agency: OSt
  • Transcribing agency: OSt

110 ## - HEADING--CORPORATE NAME

  • Corporate name or jurisdiction name as entry element: University of Delhi: Faculty of Arts. Department of African Studies

670 ## - SOURCE DATA FOUND

  • Source citation: Work cat.: (OSt)1848304: Anil Kumar, Impact of Culture on Strategic Planning and Operations of Indian Multinational Corporations (MNCs) in South Africa., 2025
Copyright @ Delhi University Library System